000
00246nam a22000977a 4500
008
230713b |||||||| |||| 00| 0 eng d
020
_a
9781974710027
100
_a
Akutami Gege
_9
7692
245
_a
Jujutsu kaisen-1
260
_a
USA
_b
SHUEISHA Inc
_c
2022
999
_c
12360
_d
12360